| Tag |
First Indicator |
Second Indicator |
Subfields |
| LEADER |
00000cam a22000001i 4500 |
| 001 |
in00003774567 |
| 005 |
20190409171106.0 |
| 006 |
m |o d | |
| 007 |
cr |n||||||||| |
| 008 |
160425t20162016dcua ob 000 0 eng d |
| 020 |
|
|
|a 9780309379199 (electronic bk.)
|
| 020 |
|
|
|a 0309379199 (electronic bk.)
|
| 020 |
|
|
|z 9780309379182
|
| 020 |
|
|
|z 0309379180
|
| 024 |
8 |
|
|a 40025954088
|
| 035 |
|
|
|a (NhCcYBP)EBSCO1179496
|
| 040 |
|
|
|a NhCcYBP
|c NhCcYBP
|d UtOrBLW
|
| 050 |
|
4 |
|a TK9152.1645
|b .N38 2016
|
| 110 |
2 |
|
|a National Research Council (U.S.).
|b Committee on the Current Status of and Progress Toward Eliminating Highly Enriched Uranium Use in Fuel for Civilian Research and Test Reactors,
|e issuing body.
|
| 245 |
1 |
0 |
|a Reducing the use of highly enriched uranium in civilian research reactors /
|c Committee on the Current Status of and Progress Toward Eliminating Highly Enriched Uranium Use in Fuel for Civilian Research and Test Reactors, Nuclear and Radiation Studies Board, Division on Earth and Life Sciences, the National Academies of Sciences, Engineering, Medicine.
|
| 264 |
|
1 |
|a Washington, DC :
|b the National Academies Press,
|c [2016]
|
| 264 |
|
4 |
|c ©2016
|
| 300 |
|
|
|a 1 online resource.
|
| 336 |
|
|
|a text
|b txt
|2 rdacontent
|
| 337 |
|
|
|a computer
|b c
|2 rdamedia
|
| 338 |
|
|
|a online resource
|b cr
|2 rdacarrier
|
| 500 |
|
|
|a Summary of Meeting on "Updating and Optimizing a List of Civilian Research and Test Reactors that Operate Using HEU Fuel", held July 27-29, 2015 in Vienna Austria.
|
| 504 |
|
|
|a Includes bibliographical references (pages 127-134).
|
| 505 |
0 |
|
|a Background and study task -- Research reactors currently using HEU fuel -- Research reactors and their uses -- Technical obstacles to conversion -- Nontechnical obstacles to reactor conversion -- Conversion program: status and management -- Conclusion -- References -- Appendix A: Statement of task -- Appendix B: Biographical sketches of Committee members -- Appendix C: Presentations and visits -- Appendix D: Acronyms -- Appendix E: Joint International Atomic Energy-Academies Meeting synopsis -- Appendix F: HEU-fueled reactors outside the scope of the study -- Appendix G: Glossary.
|
| 588 |
|
|
|a Description based on print version record.
|
| 500 |
|
|
|a Electronic resource.
|
| 650 |
|
0 |
|a Highly enriched uranium
|x Security measures
|z United States.
|
| 650 |
|
0 |
|a Nuclear reactors
|x Research
|x Security measures
|z United States.
|
| 655 |
|
7 |
|a Electronic books.
|2 local
|
| 710 |
2 |
|
|a EBSCOhost.
|
| 776 |
1 |
8 |
|c Original
|z 9780309379182
|z 0309379180
|
| 856 |
4 |
0 |
|u http://proxy.library.tamu.edu/login?url=http://search.ebscohost.com/login.aspx?direct=true&scope=site&db=nlebk&db=nlabk&AN=1179496
|z Connect to the full text of this electronic book
|t 0
|
| 955 |
|
|
|a YBP purchased approval e-records
|
| 980 |
|
|
|b 44.99
|g 1
|
| 987 |
|
|
|a ybp12857930
|
| 999 |
f |
f |
|s 244efb6b-9fde-3de8-a76a-0d4be69b3210
|i 6615a51f-3d26-3e09-93ad-1f20b314c59f
|t 0
|
| 952 |
f |
f |
|a Texas A&M University
|b College Station
|c Electronic Resources
|d Available Online
|t 0
|e TK9152.1645 .N38 2016
|h Library of Congress classification
|
| 998 |
f |
f |
|a TK9152.1645 .N38 2016
|t 0
|l Available Online
|